000 00578nam a2200241 a 4500
001 nice12345678
003 IN_TiNIC
005 20260116011943.0
008 050524s1964 luca grp 000 0 urd
020 _a
_c6
082 0 0 _a297.409
_bWAR
100 _aWarisi, Haji Munan Shah
245 _aSachchi Kahani
260 _aLucknow
_bDaftar Jahan Numa
_c1964
300 _a393p
500 _aincludes index and biblioraphy
505 2 _aill.
650 _aSufism-Hagiography
700 1 _aWarisi, Haji Munan Shah
902 _bSRS
942 _cBK
999 _c5045
_d5045